| 000 | 00384 a2200157 4500 | ||
|---|---|---|---|
| 003 | Nust | ||
| 005 | 20170207153550.0 | ||
| 040 | _cNust | ||
| 082 | _a005.1 | ||
| 100 | _aIqbal, Sajid MSCS | ||
| 245 |
_aDevelopment of frame based automated circuit planning system _cSajid Iqbal, MSCS |
||
| 260 |
_bMCS _c1999 |
||
| 300 | _axiii, 91 p | ||
| 538 | _aT1 and Shelf No 5 | ||
| 650 | _aMSCS Thesis | ||
| 942 | _cTHS | ||
| 999 |
_c188836 _d188836 |
||